Nem fogadják el az ítéletet a menesztett lelkészek Kamocsán a magyar alapiskolát már bezárták, most a református templomon lenne a sor?

Bibliographic Details
Format: Article
Language:Hungarian
PhysicalDescription:Fotogr.
ISSN:1335-7050
Subjects:

MARC

LEADER 00000nab a2200000 ar4500
001 vtls009294764
003 SK-MaSNL
005 20260318133335.0
008 080516c20080422xo |||||||| 000 b|hun
015 |a SNBRB2008/05  |2 snkbucl 
038 |a SNKBUCL 
040 |a DSZK  |b slo  |c DSZK  |e AACR2 
041 0 |a hun 
044 |a xo  |c SK 
080 |a 284.2  |x (437.6)  |2 1997 
080 |a 262.9  |2 1997 
080 |a 254  |2 1997 
080 |a 364.286  |2 1997 
080 |a 2-051  |2 1997 
245 0 0 |a Nem fogadják el az ítéletet a menesztett lelkészek  |b Kamocsán a magyar alapiskolát már bezárták, most a református templomon lenne a sor?  |c [szerzők] (száz, vrabec, leczo) 
300 |b Fotogr. 
600 1 7 |a Iliás, Tamás  |2 snkbucl  |9 875689 
600 1 7 |a Kosár, Károly  |2 snkbucl  |9 1245204 
600 1 7 |a Nagy, Zoltán,  |d 1970-  |2 snkbucl  |9 1245203 
610 2 7 |a Reformovaná kresťanská cirkev na Slovensku  |b Najvyšší cirkevný súd  |2 snkbucl  |9 1245201 
650 0 7 |a duchovní  |2 snkbucl  |9 30498 
650 0 7 |a rozvod  |2 snkbucl  |9 2703 
650 0 7 |a odvolanie z funkcie  |2 snkbucl  |9 879420 
650 0 7 |a Disciplinárne konanie  |2 snkbucl  |9 356742 
651 7 |a Komoča (Slovensko)  |2 snkbucl  |9 108123 
651 7 |a Nitra (Slovensko)  |2 snkbucl  |9 15714 
651 7 |a Malé Trakany (Slovensko)  |2 snkbucl  |9 24714 
773 0 |t Új szó  |g Évf. 61, sz. 94 (22.4.2008), o. 5  |x 1335-7050 
852 |a SNK  |b KIS3GCP 
852 |a DSZK  |b KIS3GCP 
958 |a HU 
958 |a SK 
958 |a NT 
999 |c 2207399  |d 2209329